00397nam a2200145 i 450000100060000000300090000600500170001500700030003200800410003510000250007624500630010126000440016430000220020885200210023055228ES-MaACL20230906163115.0t|030916s1906 ag ||||1| spa d1 aDellepiane, Antonio.10aCuestiones de enseñanza superior / cAntonio Dellepiane. aBuenos Aires : bConi Hermanos, c1906. a128 p. ; c19 cm. aES-MaACLjF-7964